000 00492pab a2200193 454500
008 180718b2007 xxu||||| |||| 00| 0 eng d
100 _aBel, Germa
245 _aLocal government reform: privatisation and its alternatives
260 _c2007
300 _ap.507-15.
362 _aAug
650 _aLocal government
650 _aAdministrative reform
700 _aWarner, Mildred
700 _aHebdon, Robert
773 _aLocal Government Studies
908 _aN
909 _a75815
999 _c75815
_d75815